• 首页
  • 本馆介绍
  • 公告通知
  • 最新文献
  • 馆藏检索
  • 电子资源
  • 读者导购
  • 参考咨询
  • 我的图书馆
  • 登录
  • 详细信息显示
  • 放入我的书架
  • 预约/预借图书
  • 作者相关作品
  • 分类相关作品
  • 丛书相关作品
  • 出版社相关作品

书目信息

  • 表格格式
  • 工作单格式
  • 卡片格式
题名:
企业所得税税前扣除政策与纳税申报实务
    
 
作者: 孙瑞标 主编
分册:  
出版信息: 北京   中国商业出版社  2006.05
页数: 295页
开本: 27cm
丛书名:
单 册:
中图分类: F812.424
科图分类:
主题词: 企业--所得税--税收管理--基本知识--中国
电子资源:
ISBN: 7-5044-5670-5
000 00759nam0 2200217 450
001 012006000000
005 20070910084538.76
010    @a7-5044-5670-5@dCNY50.00
100    @a20070509d2006 em y0chiy0110 ea
101 0  @achi
102    @aCN@b110000
105    @ay z 000yy
200 1  @a企业所得税税前扣除政策与纳税申报实务@AQi Ye Suo De Shui Shui Qian Kou Chu Zheng Ce Yu Na Shui Shen Bao Shi Wu@f孙瑞标,缪慧频,刘丽坚主编@FSun Rui Biao , Miu Hui Pin , Liu Li Jian Zhu Bian
210    @a北京@c中国商业出版社@d2006.05
215    @a295页@c图@d27cm
606 0  @a企业@x所得税@x税收管理@x基本知识@y中国
690    @aF812.424@v4
701  0 @a孙瑞标@ASun Rui Biao@4主编
801  0 @aCN@bBJSWSY@c20070910
905    @aBZT@dF812.424@e1
906    @dCNY50.00@n0@r1
    
    企业所得税税前扣除政策与纳税申报实务/孙瑞标,缪慧频,刘丽坚主编.-北京:中国商业出版社,2006.05
    295页:图;27cm
    
    
    ISBN 7-5044-5670-5:CNY50.00
    
●
相关链接 在五车中查询图书 在当当中查询图书 在豆瓣中查询图书


正题名:企业所得税税前扣除政策与纳税申报实务     索取号:F812.424/1         预约/预借

序号 登录号 条形码 馆藏地/架位号 状态 备注
1 574354   230173333   中心书库北库/ 北库036架B面5列2层56/ [索取号:F812.424/1] 在馆    
2 574355   230173334   中心书库北库/ 北库036架B面5列2层60/ [索取号:F812.424/1] 在馆    
3 574356   230173335   中心书库北库/ 北库036架B面5列2层59/ [索取号:F812.424/1] 在馆    
4 574357   230173336   中心书库北库/ 北库036架B面5列2层58/ [索取号:F812.424/1] 在馆    
5 574358   230173337   中心书库北库/ 北库036架B面5列2层49/ [索取号:F812.424/1] 在馆    
6 574359   230173328   中心书库北库/ 北库036架B面5列2层57/ [索取号:F812.424/1] 在馆    
7 574360   230173329   中心书库北库/ 北库036架B面5列2层48/ [索取号:F812.424/1] 在馆    
8 574361   230173330   中心书库北库/ 北库036架B面5列2层55/ [索取号:F812.424/1] 在馆    
9 574362   230173331   中心书库北库/ 北库036架B面5列2层47/ [索取号:F812.424/1] 在馆    
10 574363   230173332   中心书库北库/ 北库036架B面5列2层61/ [索取号:F812.424/1] 在馆    
11 732460   2000732460   中心书库北库/ 北库036架B面5列2层50/ [索取号:F812.424/1] 在馆    
12 732461   2000732461   中心书库北库/ 北库036架B面5列2层51/ [索取号:F812.424/1] 在馆    
13 732462   2000732462   中心书库北库/ 北库036架B面5列2层52/ [索取号:F812.424/1] 在馆    
14 732463   2000732463   中心书库北库/ 北库036架B面5列2层53/ [索取号:F812.424/1] 在馆    
15 732464   2000732464   中心书库北库/ 北库036架B面5列2层54/ [索取号:F812.424/1] 在馆    
16 732465   2000732465   中心书库北库/ 北库036架B面5列2层42/ [索取号:F812.424/1] 在馆    
17 732466   2000732466   中心书库北库/ 北库036架B面5列2层43/ [索取号:F812.424/1] 在馆    
18 732467   2000732467   中心书库北库/ 北库036架B面5列2层44/ [索取号:F812.424/1] 在馆    
19 732468   2000732468   中心书库北库/ 北库036架B面5列2层46/ [索取号:F812.424/1] 在馆    
20 732469   2000732469   中心书库北库/ 北库036架B面5列2层45/ [索取号:F812.424/1] 在馆    
山东省滨州职业学院图书馆 欢迎您!
大连网信软件有限公司© 版权所有